El habla juvenil de Valdivia: entrevistas informales

محفوظ في:
التفاصيل البيبلوغرافية
المؤلفون الرئيسيون: Cepeda, Gladys (مؤلف), Barrientos Caro, Arturo (مؤلف)
التنسيق: كتاب
اللغة:الإسبانية
منشور في: Valdivia Universidad Austral de Chile 1989
Valdivia FONDECYT 1989
الطبعة:1a. ed
الموضوعات:
الوسوم: إضافة وسم
لا توجد وسوم, كن أول من يضع وسما على هذه التسجيلة!

MARC

LEADER 00000nam a2200000 a 4500
001 UCL7657
003 CL-VaPUC
008 040528e19890000cl |||||||||||||||||spa|d
082 0 4 |a 461.5  |b CEP  |2 21 
100 0 |a Cepeda, Gladys  |e author  |9 485498 
700 0 |a Barrientos Caro, Arturo  |e author  |9 485499 
245 1 3 |a El habla juvenil de Valdivia: entrevistas informales 
250 |a 1a. ed 
300 |a 192 p 
942 |c BK 
945 |d 20040528 00:00:00  |a cmena 
260 |a Valdivia  |b Universidad Austral de Chile  |c 1989 
260 |a Valdivia  |b FONDECYT  |c 1989 
650 7 |a FONOLOGIA ESPAÑOLA  |2 CL-VaPUC  |9 485500 
650 0 |a Investigación lingüística  |9 329785 
650 0 |a Sociolingüística  |9 263716 
650 0 |a Juventud  |9 271073 
651 0 |a Valdivia (Chile)  |9 268941 
583 |a last modification  |c 20190729 12:27:34  |k Rodrigo Vera 
999 |c 309287  |d 309285 
952 |0 0  |1 0  |4 0  |6 461_500000000000000_CEP_1989_1989  |7 0  |8 A  |9 376697  |a FDOPOS  |b FDOPOS  |d 2019-11-21  |i 4019237  |o 461.5 CEP 1989 1989  |p 4019237  |r 2025-01-22  |w 2019-11-21  |y BK  |k MLA